| 000 | 00000nam##2200000za#4500 |
| 001 | 9.578051 |
| 003 | CaOODSP |
| 005 | 20210624185914 |
| 007 | cr ||||||||||| |
| 008 | 150406|1986||||xxc|||||o f|0| 0 eng|d |
| 022 | |a1488-5387 |
| 040 | |aCaOODSP|beng |
| 043 | |an-cn--- |
| 086 | 1 |aFs97-4/1876E-PDF |
| 110 | 1 |aCanada. |bDepartment of Fisheries and Oceans. |
| 245 | 10|aCulturing giant scallops in Newfoundland waters / |h[electronic resource]|cby K.S. Naidu and F.M. Cahill. |
| 260 | |aSt. John's - Newfoundland and Labrador : |bFisheries and Oceans Canada |cFebruary 1986. |
| 300 | |a30p.|bfigs., references, photographs |
| 490 | 1 |aCanadian manuscript report of fisheries and aquatic sciences|x1488-5387|vNo. 1876 |
| 500 | |a"This is the tenth Manuscript Report from Fisheries Branch, St. John's, Newfoundland"--p.3 of 30. The catalogue number (Fs97-4/1876E) and ISSN (0706-6473) for the print edition have been incorrectly copied in this electronic publication. |
| 546 | |a(Résumés en français) |
| 590 | |a13-27-Supp|b2013-11-15 |
| 690 | 07|aAquaculture|2gcpds |
| 690 | 07|aShellfish|2gcpds |
| 720 | 1 |aNaidu, K. S. |
| 720 | 1 |aCahill, F. M. |
| 830 | #0|aCanadian manuscript report of fisheries and aquatic sciences,|x1488-5387|vNo. 1876|w(CaOODSP)9.505211 |
| 856 | 40|ahttp://publications.gc.ca|qPDF|s1.07 MB|uhttps://publications.gc.ca/collections/collection_2013/mpo-dfo/Fs97-4-1876-eng.pdf|yNo. 1876 |